[Event "RUS-ch Superfinal 61st"]
[Site "Moscow"]
[Date "2008.10.04"]
[Round "2"]
[White "Morozevich, Alexander"]
[Black "Svidler, Peter"]
[Result "0-1"]
[WhiteElo "2787"]
[BlackElo "2727"]
[Annotator "Marin,M"]
[PlyCount "174"]
[EventDate "2008.10.03"]
[EventType "tourn"]
[EventRounds "11"]
[EventCountry "RUS"]
[EventCategory "17"]
[SourceTitle "CBM 127"]
[Source "ChessBase"]
[SourceDate "2008.11.13"]
[SourceVersion "1"]
[SourceVersionDate "2008.11.13"]
[SourceQuality "1"]

1. c4 e5 2. g3 Nf6 3. Bg2 d5 4. cxd5 Nxd5 5. Nc3 Nb6 6. Nf3 Nc6 7. O-O Be7 8.
d3 O-O 9. a4 $5 {This move is entirely in accordance with Morozevich' tendency
to avoid forced theoretical lines. Last year, during the Mexico World
Championship, he used the English opening to transpose to a reversed
Boleslavski variation of the Sicilian. (See Morozevich,A (2758)-Grischuk,A 
(2726)/Mexico City MEX 2007/CBM 120/[Marin] (1-0, 42)). Both games have some
strategic elements in common: The structure of both sides will more or less be
immobile and Morozevich will mainly play on the light squares.} a5 10. Be3 Be6
({The main alternative is} 10... Bg4 {, but in this case White's pressure
along the "English" diagonal will be more difficult to neutralize.}) 11. Nd2 {
But this really is a rare line.} ({The most frequent move is} 11. Rc1 {, but
then, after} Nd5 {White cannot carry out general exchanges on d5. For instance,
} 12. Nxd5 Bxd5 13. Nd2 Bxg2 14. Kxg2 {and Black is not foced to place his
queen on d5, which would make it exposed to an exchange (generally, favouring
White).} Nd4 15. Bxd4 exd4 16. Qc2 Bb4 17. Ne4 c6 18. Qc4 Re8 {and White did
not achieve anything special in Markowski,T (2560)-Navara,D (2647)/Warsaw 2005/
CBM 108 (1/2, 41)}) 11... Nd5 {Black immediately neutralises the fianchettoed
white bishop.} ({In the event of natural developing moves such as} 11... Qd7
12. Rc1 Rad8 13. Nb3 {the threats Nc5 or even Bxc6 followed by Nxe5 more or
less force Black play} Nd5 {anyway, but this would just mean the loss of a
tempo after} 14. Nxd5 Bxd5 15. Bxd5 Qxd5 {and now} 16. Qc2 Rfe8 17. Qc4 $14 {
leaves White with some queenside pressure.}) (11... Rb8 {is not a really
useful move.} 12. Nb3 (12. Rc1 $5) 12... Nd5 13. Nxd5 Bxd5 14. Bxd5 Qxd5 15.
Rc1 Bd6 16. Qc2 Nb4 17. Qc4 b6 18. Nd2 c6 19. Qh4 f6 20. Nc4 Bc7 21. Bd2 $14 {
and we can notice that White has obtained a better regrouping than Morozevich
in Markowski,T (2587)-De Vreugt,D (2503)/Istanbul 2003/CBM 096 (1-0, 118)}) (
11... f5 {is an aggressive move, which has the drawback that weakens a lot of
light squares.} 12. Rc1 f4 (12... Qd7 13. Nb3) 13. Bxb6 $1 cxb6 14. Nc4 Bc5 15.
Ne4 Bb4 {the bishop is less exposed here, but not that active.} (15... Bd4 {
The bishop will remain captive on this central square.} 16. Re1 Bg4 17. Qb3 Kh8
18. e3 f3 (18... Bc5 19. Nxc5 bxc5 20. Qxb7 $18) 19. exd4 Nxd4 $6 (19... fxg2
20. Nxe5 Nxd4 21. Nf7+ Rxf7 22. Qxf7 Nf3+ 23. Kxg2 Nxe1+ 24. Rxe1 Qxd3 25. Nd6
$16 Be2 26. Qxb7 Rf8 27. Nf7+ Kg8 28. Ne5 $18) 20. Qd1 $16 {Gaponenko,I (2448)
-Mullon,J (2327)/St Chely d'Aubrac 2004/CBM 101 ext (1-0, 41)}) 16. Kh1 $6 (16.
e3 $5 $14 {would have avoided Black's attack, retaining a strategically
favourable position.}) 16... Nd4 17. Nc3 Qg5 18. Nxb6 Rad8 19. Nc4 Qh5 $40 {
Malakhov,V (2679)-Nepomniashchy,Y (2602)/Dresden 2007/CBM 118 (1-0, 40)}) 12.
Nxd5 Bxd5 13. Bxd5 Qxd5 14. Qb3 {This is a thematic move. If White succeeds in
exchanging queens under favourable circumstances, his pressure on the
queenside combined with a latent kingisde expansion (something more difficult
to achieve with queens on the board!) would leave him with a long-lasting plus.
} ({However, White can also keep the queen move in reserve.} 14. Rc1 {
(Parrying Black's main threat, ...Nd4)} Bd6 15. Qb3 $1 Qxb3 (15... Nb4 {
does not prevent the queen exchange, because, unlike in the main game, White
can play} 16. Qxd5 Nxd5 17. Bc5 $14) 16. Nxb3 Rfe8 17. Nc5 Bxc5 (17... Nd4 18.
Bxd4 exd4 19. Ne4 $14 {would leave Black with double pawns on the d-file.}) 18.
Rxc5 Re7 19. Rfc1 f6 20. R1c4 Kf7 21. f3 Re6 22. Kf2 Ke8 23. f4 $14 {with
pressure on both wings in Averbakh,Y-Bebchuk,E/Moscow 1964/MCD (1-0, 53)})
14... Nb4 {The best way to... avoid the exchange of queens.} (14... Qd7 15. Qb5
Qc8 16. Rfc1 Rd8 {leaves White with strong queenside pressure.} 17. Rxc6 $5 {
A surgical solution, but probably there are other plans.} bxc6 18. Qxe5 $14 {
Voloshin,L (2430)-Nun,J (2395)/Czechia 1997/EXT 98 (1/2, 51)}) (14... Qxb3 15.
Nxb3 Nb4 16. Rac1 (16. Rfc1 {looks more natural.}) 16... Rfc8 17. Rc4 ({
Or, since the f1-rook should be useful in a way or another,} 17. Bc5 Bg5 18. f4
) 17... b6 18. d4 {Not the best plan. The black bishop will be activated now.
White should aim for kingside expansion somehow.} (18. g4 $5 Nd5 19. Bd2 {
[%cal Gd2c3,Gb3d2]}) 18... exd4 19. Nxd4 Bf6 {and Black was well regrouped in
Markowski,T (2505)-Korneev,O (2560)/Metz 1998/EXT 99 (1/2, 32)}) 15. Rfc1 ({
Now,} 15. Qxd5 Nxd5 {leaves the bishop in an uncomfortable situation.}) 15...
Qd7 {Now, the pressure exerted by the white queen has been neutralised, at
least for a while.} 16. Ne4 b6 17. Bd2 c6 18. Bc3 Qc7 19. Qc4 Nd5 20. Nd2 {
White has been moving his minor pieces around, aiming to provoke as many pawn
advances as possible. On the queenside, Black has created for himself some
weaknesses, but in the centre he is quite solid. This is precisely the area
which White should focus on during the next phase of the game.} Rfe8 {Svidler
concentrates his rooks in the centre.} ({Playing for the standard ...f5 would
justify White's strategy, for instance} 20... Kh8 21. Nf3 Bd6 22. Rc2 f5 23.
Rac1 Rac8 24. e4 $1 $14) 21. Qe4 {My feeling is that, starting with this
moment, Morozevich' "hyper-modern" play crosses the limit of admissible risk.
By transferring the queen to an advanced position, he will expose himself to
tactical tricks.} ({Before defining the queen's intentions, he should have
improved the placement of all other pieces to the maximum, with, say} 21. Nf3
Bf8 22. Rc2 Rad8 23. Rac1 {when I would slightly prefer White. The threats of
d4 (with the possible insertion of the moves Bd2 and/or e4) force Black be on
permanent guard.}) 21... Bc5 22. Nf3 Bd6 23. Ng5 Nf6 24. Qf5 h6 25. Nf3 {
Now, White will lose the control of the e4-square.} (25. Ne4 {may have been a
better possibility to retain equal chances in a complicated position.}) 25...
Re6 26. Rc2 ({Now, the generally desirable} 26. e4 {would leave the queen
terribly misplaced.}) 26... Nd5 27. Rac1 Rae8 28. Bd2 Bb4 29. Bxb4 Nxb4 30. Rc4
c5 $5 {[%cal Gb4c6,Gc6d4] Black iremediably weakens the c4-square, reckoning
with the fact that White will not be in time to transfer the knight there.} 31.
Nd2 Qd7 32. b3 Nc6 33. Qh5 Nd4 34. Re1 e4 $1 {A nice tactical blow, taking
full advantage of White's lack of coordination. As we will see, the queen's
exposed position is part of the whole business.} 35. dxe4 (35. Nxe4 Re5 36. Qh4
f5 37. Nc3 (37. Qh3 R5e7 38. Nc3 Nf3+ $1 $19) 37... Nf3+ $1 $19) 35... Re5 36.
Qh4 Nf5 $1 37. exf5 Qxd2 38. Rf1 Rxe2 39. Qg4 Qd3 40. f6 g6 $17 {Black is very
active and White's pawns are weak.} 41. Rcc1 Qxb3 42. Rb1 Qe6 43. Qf4 Re4 44.
Qc7 Rb4 45. Rbd1 Qxf6 46. Rd6 Qe7 47. Rd7 Qe6 48. Rfd1 Re4 49. Kg2 Rxa4 50.
R7d6 Qf5 51. R1d3 Ra1 52. Rd8 Rae1 53. Rf3 Qe6 54. Rxe8+ Qxe8 55. Qxb6 a4 56.
Qxc5 Qa8 57. Qc3 Rb1 58. Qc4 Rb7 59. Qd5 Ra7 60. Qxa8+ Rxa8 61. Ra3 f5 62. Kf3
Kf7 63. Ke3 Ke6 64. Kd4 g5 65. Re3+ Kd6 66. Ra3 g4 67. Kc4 Ke5 68. Re3+ Kf6 69.
Ra3 h5 70. Kd4 Ra7 71. f4 h4 72. gxh4 Re7 73. Kd3 Re4 74. Rc3 Kg6 75. Rc8 Rxf4
76. Rg8+ Kf7 77. Ra8 Rf2 78. Ke3 Rxh2 79. Rxa4 Kg6 80. Ra8 Rxh4 81. Kf4 Rh3 82.
Ra6+ Kh5 83. Kxf5 Rf3+ 84. Ke4 Kh4 85. Ra1 Kh3 86. Rg1 Ra3 87. Kf4 g3 0-1

[Event "Moscow Tal Memorial 7th"]
[Site "Moscow"]
[Date "2012.06.17"]
[Round "8"]
[White "Carlsen, Magnus"]
[Black "Tomashevsky, Evgeny"]
[Result "1/2-1/2"]
[WhiteElo "2835"]
[BlackElo "2738"]
[Annotator "Marin,M"]
[PlyCount "169"]
[EventDate "2012.06.08"]
[EventType "tourn"]
[EventRounds "9"]
[EventCountry "RUS"]
[EventCategory "22"]
[SourceTitle "CBM 149"]
[Source "ChessBase"]
[SourceDate "2012.07.17"]
[SourceVersion "1"]
[SourceVersionDate "2012.07.17"]
[SourceQuality "1"]

1. c4 e5 2. Nc3 Nf6 3. Nf3 Nc6 4. g3 Bc5 5. Bg2 d6 6. O-O a6 7. a3 O-O 8. b4
Ba7 9. d3 h6 10. Bb2 {I have a lot of experience as White with this line, but
I must confess that White's regrouping completed on the 14th move was
unfamiliar to me.} Rb8 $5 {A rare move. Black overdefends the b7-pawn in order
to enable the standard manoeuvre ...Nc6-e7-g6. In some cases, Black can
display some queenside ambitions with ...b7-b5.} ({The main line is} 10... Be6
{as played in Marin,M (2551)-Navara,D (2656) Reggio Emilia 2007 CBM 122 [Marin,
M] (1/2, 37)}) (10... Bg4 {is an important alternative:} 11. Rc1 Qd7 12. e3 Ne7
(12... Qf5 {fails to keep White pinned:} 13. Nd5 Qh5 14. Nxf6+ gxf6 15. h3 $1
Bxh3 16. Bxh3 Qxh3 {Marin,M (2541)-Nemeth,F (2426) Baile Tusnad ROM 2005 (1/2,
17)} 17. c5 $36 {[%csl Ga7,Gg8]}) (12... Bh3 {transposes to 10...Be6.}) 13. Qc2
c6 14. c5 Ng6 15. cxd6 Qxd6 16. h3 Bf5 17. e4 Be6 18. Na4 $14 {Marin,M (2541)
-Valeanu,E (2380) Baile Tusnad 2005 (1-0, 42)}) 11. Rc1 Be6 12. Nd2 (12. e3 Ne7
13. a4 {This obstinate play on the queenside does not offer White much, since
Black is well regrouped.} (13. Nd2 {would transpose back to the game.}) 13...
Qd7 14. Re1 Ng6 15. b5 Bg4 16. Qb3 Bb6 (16... Qf5 17. Nd2 Qxd3 $2 18. Nde4 Nxe4
19. Bxe4 Qd2 20. Rcd1 $18) 17. Nd2 Bh3 18. Qd1 Bxg2 19. Kxg2 Ba5 20. Nb3 Bb4
21. Rf1 axb5 22. axb5 Bxc3 23. Bxc3 c6 $132 {Le Quang,L (2715)-Bruzon Batista,
L (2673)/Khanty-Mansiysk 2011/CBM 145 (1/2, 34)}) 12... Ne7 13. e3 $146 (13.
Qb3 {is too provocative, inviting the following operation.} c6 14. a4 b5 15.
Qa3 (15. axb5 axb5 16. Ra1) 15... Qd7 (15... bxc4 $5) 16. Ra1 Bb6 (16... bxc4
$5) 17. axb5 axb5 18. Rfd1 d5 $13 {Verduga,D (2356)-Quezada,Y (2515)/Morelia
2007/CBM 116 ext (0-1, 46)}) 13... Qd7 14. Ne2 $1 {(!!) A clever display of
the knights, which I do not remember having seen in this variation. (It is
more typical for the reversed hippopotamus, if such a thing exists, where the
knights would get to these squares without loss of time). The c4-, d4- and
e4-squares are sufficiently well defended to allow the standard d3-d4, gaining
space and restricting the a7-bishop.} Bg4 ({Black probably discarded} 14... Bh3
{because of} 15. Ne4 $5 Nxe4 16. Bxh3 Qxh3 17. dxe4 {[%csl Ga7]}) 15. Re1 Ng6
16. Qc2 c6 17. d4 $14 {Both sides have completed their planned regroupings,
but White has more space. Black will need some time to find an useful job for
his a7-bishop.} Rbe8 18. c5 Bb8 ({After} 18... d5 19. dxe5 Nxe5 20. f4 Ng6 {
the a7-bishop would remain completely out of play (even after ...Bb8). White
would have a pleasant choice already.} 21. e4 (21. Bxf6 Rxe3 $5 22. Bxg7 Kxg7
23. Nd4 Rxe1+ 24. Rxe1 $16) 21... Nxe4 22. Nxe4 dxe4 23. Bxe4 $16) 19. dxe5
dxe5 20. Nc4 Bh3 21. Rcd1 Qe6 22. Na5 Bxg2 23. Kxg2 Re7 24. e4 {The weakness
of the b7-pawn prevents Black from actively fighting for the only open file.
At the same time, his kingside attack is not reaching anywhere.} Qg4 25. Ng1
Nh4+ 26. Kh1 Nf3 27. Nxf3 Qxf3+ 28. Kg1 {The exchange of one knight has not
helped Black to solve his problems: the d-file, the b7-pawn, his passive
bishop.} Qg4 29. Rd3 Qc8 30. Nc4 Qe6 (30... Rd8 31. Nb6 Qc7 32. Red1 Rxd3 (
32... Ree8 $2 33. Bxe5 $1 $18) 33. Qxd3 Re8 34. Nc4 $16) 31. f3 Bc7 32. Red1
Rd7 {Finally, Black has managed to neutralise part of White's pressure.} 33.
Nd6 Bxd6 (33... b5 34. Qc3 Re7 $14 {would be solid, but not too appealing.})
34. Rxd6 $6 {Allowing an unexpected resource.} (34. cxd6 $14) 34... Rxd6 $6 ({
Missing his chance:} 34... Rfd8 $1 {Black is very close to equality, since
White cannot prevent general exchanges.} 35. Rxe6 $2 {is impossible to} Rxd1+
$19 {retrieving the queen and winning more material after that.}) 35. Rxd6 $14
{White maintains his domination now, although Black has solved at least one of
his problems: the bishop.} Qa2 36. Kg2 Re8 37. Qc3 Nh7 38. Rd2 Nf8 39. Bc1 Qe6
40. Rd6 Qa2+ 41. Qb2 Qxb2+ {The ending is less safe than Black might have
thought.} (41... Qc4 $5 {would have kept White busy with avoiding perpetual
checks.}) 42. Bxb2 f6 43. Kh3 {An interesting plan, but maybe not the best.} ({
Playing in centre would have offered good chances for an advantage. Here is a
sample line:} 43. Kf2 Kf7 44. Ke3 Re7 45. f4 exf4+ 46. gxf4 {The point is that}
f5 {fails to stabilise the position in view of} 47. Be5 $1 (47. e5 Ne6 $11)
47... Ng6 48. exf5 Nxe5 49. fxe5 Rxe5+ 50. Kf4 Re7 51. Rd8 $16 {This ending is
quite unpleasant for Black. Among others (lack of space, weak queenside) he is
in zugzwang.} Re2 (51... Rc7 52. Ke5) (51... g5+ 52. fxg6+ Kxg6 53. Rd6+ Kg7
54. Kf5) 52. Rd7+ Re7 $2 53. Rxe7+ Kxe7 54. Ke5 h5 (54... Kf7 55. Kd6 Kf6 56.
Kc7 Kxf5 57. Kxb7 $18) 55. h4 Kf7 56. Kf4 $1 (56. Kd6 {is less clear:} Kf6 57.
Kc7 Kxf5 58. Kxb7 g5 59. Kxa6 gxh4 60. b5 h3 61. bxc6 h2 62. c7 h1=Q 63. c8=Q+)
56... Kf6 57. a4 $18) 43... Re7 44. Kg4 Kf7 45. Bc1 Rd7 46. Be3 Rxd6 47. cxd6
Nd7 48. a4 b6 49. a5 bxa5 50. bxa5 c5 (50... Ke6 {looks riskier than it really
might be. White surely is not worse, but Black may be able to hold a draw.} 51.
Kh5 Nf8 52. Bc5 Kd7 53. Ba3 Ne6 {A complicated regrouping.} 54. Kg6 c5 55. f4 (
55. h4 Kxd6 56. Kf7 $44) 55... Kxd6 56. f5 Ng5 57. Kxg7 Nxe4 58. Kxh6 Kd5 {
Quite a complicated position, which is evaluated as drawn by my engines.} 59.
Kg6 c4 60. g4 c3 61. h4 Nd6 62. h5 Nc4 63. Bc1 e4 64. h6 e3 65. h7 e2 66. h8=Q
e1=Q 67. Qg8+ Kd4 68. Qd8+ $11) 51. Kh5 Kg8 {/\...Kh7, ...g6} 52. f4 (52. Kg6
Nf8+ 53. Kf5 Kf7 $15 54. Bxc5 $2 h5 $3 $19 {with mate in one.}) 52... exf4 53.
gxf4 Kf7 54. Bd2 Nf8 55. Be3 Nd7 56. f5 c4 57. Bd4 {Optically, it looks like
if White has some chances, but in fact there are more ways than one to defend
with Black. One important element is that the a5-pawn has the promotion square
on a different colour from that of the bishop.} Ke8 (57... Nf8 {was also
possible, not fearing} 58. e5 fxe5 59. Bxe5 {because of} Nd7 60. Bc3 Nf6+) 58.
Kg6 Kf8 59. Bc3 Kg8 60. Bd4 Kf8 61. h3 Kg8 62. Bc3 Kf8 63. h4 Kg8 64. e5 $5 {
Finally some action.} fxe5 65. f6 gxf6 (65... Nxf6 66. Bxe5 Kf8 $8 67. h5 Ke8
68. Kxg7 Nxh5+ 69. Kxh6 c3 70. Kxh5 c2 71. Bf4 Kd7 72. Kg4 c1=Q 73. Bxc1 Kxd6
$11) 66. h5 f5 67. Kxf5 Kf7 68. Bb4 e4 69. Kxe4 Ke6 70. Kd4 Nf6 71. Kxc4 Nxh5
72. Kc5 Nf6 73. Kc6 Nd7 74. Be1 h5 75. Bg3 Nf8 76. Kb7 h4 77. Bh2 Kd5 78. Kxa6
Kc6 79. Ka7 Nd7 80. a6 Nc5 $11 81. Bf4 h3 82. Bg3 Kb5 83. Bh2 Kc6 84. Bg3 Kb5
85. Bh2 1/2-1/2